Statistics for Horror Movies

Click here to take the quiz!

General Stats

  • This quiz has been taken 54 times
    (52 since last reset)
  • The average score is 40 of 250

Answer Stats

Respuesta% Correct
Halloween
87%
A Nightmare on Elm Street
85%
Friday the 13th
80%
Scream
80%
Child's Play
74%
Saw
74%
The Conjuring
70%
It
67%
Dracula
61%
The Exorcist
61%
The Texas Chainsaw Massacre
61%
The Shining
59%
Annabelle
57%
The Ring
57%
Alien
54%
Jaws
54%
Psycho
54%
Frankenstein
50%
Insidious
50%
Hellraiser
48%
The Evil Dead
48%
The Thing
48%
Carrie
46%
Night Of The Living Dead
46%
Candyman
43%
Get Out
41%
Ma
41%
Poltergeist
41%
Us
41%
Hereditary
39%
Paranormal Activity
39%
Dawn of the Dead
37%
The Blair Witch Project
37%
The Omen
37%
Sinister
35%
The Silence of the Lambs
35%
The Witch
33%
28 Days Later
30%
Final Destination
30%
It Follows
30%
Misery
30%
Predator
30%
REC
30%
The Sixth Sense
30%
An American Werewolf in London
28%
The Haunting
28%
Amer
26%
Black Christmas
26%
Gremlins
26%
Midsommar
26%
Shaun of the Dead
26%
The Babadook
26%
The Mummy
26%
The Nun
26%
Christine
24%
Haunt
24%
Hostel
24%
Nosferatu
24%
Pet Sematary
24%
Suspiria
24%
The Grudge
24%
Wrong Turn
24%
A Quiet Place
22%
Children of the Corn
22%
Day of the Dead
22%
Leprecheaun
22%
Pin
22%
The Amityville Horror
22%
The Descent
22%
The Fly
22%
The Fog
22%
Creepshow
20%
Resident Evil
20%
Silent Hill
20%
The Mist
20%
The Strangers
20%
Tremors
20%
1408
17%
Fright Night
17%
House of Wax
17%
I Know What You Did Last Summer
17%
Invasion of the Body Snatchers
17%
Jeepers Creepers
17%
Split
17%
The Lost Boys
17%
Doctor Sleep
15%
Eraserhead
15%
King Kong
15%
Pan's Labyrinth
15%
Se7en
15%
The Others
15%
The Wicker Men
15%
Train to Busan
15%
Zombieland
15%
American Psycho
13%
Audition
13%
Cloverfield
13%
Deep Red
13%
Drag Me to Hell
13%
House on Haunted Hill
13%
Interview with the Vampire
13%
Let the Right One
13%
Mother!
13%
Orphan
13%
Salem's Lot
13%
Signs
13%
Slenderman
13%
The Bride of Frankenstein
13%
The Exorcism of Emily Rose
13%
The Human Centipede
13%
The People Under the Stairs
13%
Videodrome
13%
Anaconda
11%
Beetlejuice
11%
Blade
11%
Godzilla
11%
Ju-On
11%
Ringu
11%
The Black Swan
11%
The Changeling
11%
The Craft
11%
The Howling
11%
Army of Darkness
9%
A Tale of Two Sisters
9%
Event Horizon
9%
Ginger Snaps
9%
inferno
9%
Inside
9%
Jacob's Ladder
9%
Jennifer's Body
9%
Ouija
9%
Shutter
9%
The Brood
9%
The Eye
9%
The Orphanage
9%
The Stuff
9%
Trick 'r Treat
9%
Urban Legend
9%
When A Stranger Calls
9%
1922
7%
As Above So Below
7%
Bay of Blood
7%
Bird Box
7%
Cube
7%
Deep Blue Sea
7%
Donny Darko
7%
Land of the Dead
7%
Malignant
7%
Maniac
7%
May
7%
Memento
7%
Pulse
7%
Slither
7%
The Phantom of the Opera
7%
The Return of the Living Dead
7%
Alligator
4%
Blue Velvet
4%
Coraline
4%
Dr. Jekyll and Mr. Hyde
4%
Hocus Pocus
4%
Mulholland Drive
4%
Near Dark
4%
Night of the Creeps
4%
Paranorman
4%
Phenomena
4%
Sorority Row
4%
The Dead Zone
4%
The Faculty
4%
The Loved Ones
4%
The Platform
4%
The Stand
4%
The Uninvited
4%
Under the Skin
4%
Vacancy
4%
10 Cloverfield Lane
2%
Angel Heart
2%
Antebellum
2%
Arachnophobia
2%
Basket Case
2%
Black Sunday
2%
Brain Damage
2%
Braindead
2%
Bug
2%
Deathdream
2%
Duel
2%
Eden Lake
2%
Funny Games
2%
Ghost Stories
2%
Ghostwatch
2%
Halloweentown
2%
HIgh Tension
2%
I Am Legend
2%
Ichi the Killer
2%
Idle Hands
2%
Martin
2%
Monster House
2%
Oldboy
2%
Opera
2%
Planet Terror
2%
Red Eye
2%
Shutter Island
2%
Suicide Club
2%
The Beyond
2%
The Crow
2%
The Haunted House
2%
The Hitcher
2%
The Lodger
2%
The Vanishing
2%
What Ever Happened to Baby Jane?
2%
Absentia
0%
All That We Destroy
0%
Ap Pupil
0%
Bats
0%
Buffy The Vampire Slayer
0%
Byzantium
0%
Dead & Buried
0%
Death Proof
0%
Dressed to Kill
0%
Ex Machina
0%
Fear Sreet
0%
Final Girls
0%
Frailty
0%
From Hell
0%
Horror Noire
0%
Identity
0%
Monkey Shines
0%
Overload
0%
Ravenous
0%
Requiem for a Dream
0%
Rope
0%
Sleep Tight
0%
Spider Forest
0%
Summer of 84
0%
The Black Cat
0%
The Body
0%
The Burbs
0%
The Devil's Advocate
0%
The Fury
0%
The Guardian
0%
The House on Sorority Row
0%
The Love Witch
0%
The Possesion
0%
The Psychic
0%
The Tenant
0%
The Witches
0%
The Witches Of Eastwick
0%
Ticks
0%
Twin Peaks, Fire Walk with Me
0%
Warm Bodies
0%
Zodiac
0%

Score Distribution

Percentile by Number Answered

Percent of People with Each Score

Your Score History

You have not taken this quiz since the last reset